000 00396nam a2200157Ia 4500
003 Ost
005 20260225132554.0
008 260225s9999||||xx |||||||||||||| ||und||
040 _cfsic
041 _afre
082 _a440
100 _aTérral Julien
_eAuteur
245 0 _aL'Incécurité au journal télévisé :
245 0 _bla compagne présidentielle /
_cTérral Julien
942 _cكتاب
999 _c34364
_d34364